| 000 | 01037nam a2200325Ia 4500 | ||
|---|---|---|---|
| 001 | 76401 | ||
| 003 | IT-RoPAU | ||
| 008 | 130308s9999 xx 000 0 und d | ||
| 040 | _aIT-RoPAU | ||
| 040 | _cIT-RoPAU | ||
| 041 | _aINGLESE | ||
| 100 | _aTompkins Phillip K. | ||
| 100 | _gCodice Aut. SPICS: 26559 | ||
| 245 | _aCommunication and Unobtrusive control in Contemporary Organizations | ||
| 245 | _bOrganizational Communication: Traditional Themes And New Directions | ||
| 250 | _a2a ed. | ||
| 260 | _aLONDON | ||
| 260 | _bSage Publications B.H. | ||
| 260 | _c1985 [1° Ed.:1985 - Ed.Ling.Originale:1985] | ||
| 300 | _a"32 p. (prefazione: no ; testo: 32 [pagine: 179-210])" | ||
| 500 | _aComunicazione e Controllo nelle Contemporanee Organizzazioni Identificazione dell'organizzazione ruolo della Comunicazione | ||
| 650 | _aSOCIOLOGIA | ||
| 650 | _eCodice materia Spics: 3651 | ||
| 700 | _aCheney George | ||
| 700 | _gCodice Aut. SPICS: 26615 | ||
| 942 | _cBK | ||
| 957 | _71 | ||
| 999 |
_c42501 _d42501 |
||
| 999 | _bSI | ||
| 999 | _g1 | ||